Statystyki dla Czy znasz tablice rejestracyjne w województwie podkarpackim?

Kliknij tutaj aby rozwiązać quiz!

Ogólne statystyki

  • Ten quiz został rozwiązany 175 razy
  • Średni wynik to 24 z 25

Statystyki odpowiedzi

PowiatWyróżnik% Poprawnych
PrzemyślRP
99%
powiat przemyskiRPR
99%
KrosnoRK
98%
powiat kolbuszowskiRKL
98%
powiat bieszczadzkiRBI
97%
powiat dębickiRDE
97%
powiat jarosławskiRJA
97%
powiat krośnieńskiRKR
97%
powiat leżajskiRLE
97%
powiat sanockiRSA
97%
TarnobrzegRT
97%
RzeszówRZ
97%
powiat rzeszowskiRZE
97%
powiat jasielskiRJS
96%
powiat łańcuckiRLA
96%
powiat lubaczowskiRLU
96%
powiat mieleckiRMI
96%
powiat niżańskiRNI
96%
powiat stalowolskiRST
96%
powiat tarnobrzeskiRTA
96%
powiat brzozowskiRBR
95%
powiat leskiRLS
95%
powiat przeworskiRPZ
94%
powiat ropczycko-sędziszowskiRRS
89%
powiat strzyżowskiRSR
89%

Rozkład punktacji

Percentyl według liczby udzielonych odpowiedzi

Procent ludzi z każdym wynikiem

Twoja historia wyników

Nie rozwiązałeś tego quizu